000 00704nam a2200241 i 4500
001 C2-0210122
003 PPAK
005 20180728102123.0
008 990320s1998 my a|||| ||||| | may d
020 _a9836257888
040 _aPPAK
_beng
_cPPAK
_erda
082 0 4 _a613.0424
_2 23
090 0 0 _a613.0424
_bJAM
_dG
100 0 _aJamilah Jamaludin,
_eauthor
245 1 0 _aWanita dan masalah kesihatan
264 1 _aKuala Lumpur :
_bDewan Bahasa dan Pustaka ; Utusan ,
_c1998
300 _ax, 88 pages :
_bcolour illustrations ;
_c21 cm
336 _2rdacontent
_atext
337 _2rdamedia
_aunmediated
338 _2rdacarrier
_avolume
650 1 0 _aWomen - Health and hygiene
942 _ddc
_cB
999 _c158079
_d158079